000 00533cam a2200145 4500500
005 20260208002441.0
041 _afre
042 _adc
100 1 0 _aMasset, Claude
_eauthor
245 0 0 _aPierre Rouillard, Portraits de migrants, portraits de colons, I, Paris, De Boccard, 2009, 168 p., bibl., ill., fig., cartes
260 _c2011.
500 _a34
786 0 _nL'Homme | 198-199 | 2 | 2011-07-01 | p. 367v-428v | 0439-4216
856 4 1 _uhttps://shs.cairn.info/revue-l-homme-2011-2-page-367v?lang=fr&redirect-ssocas=7080
999 _c1646416
_d1646416